Statistics for Musical Instruments by Emoji

Click here to take the quiz!

General Stats

  • This quiz has been taken 108 times
  • The average score is 9 of 12

Answer Stats

EmojiMusical Instrument% Correct
🎸Guitar
98%
🔔Bell
97%
🎻Violin
97%
🎺Trumpet
95%
🎷Saxophone
93%
🥁Drum
92%
🎹Musical Keyboard
86%
🎤Microphone
85%
🥄Spoon
82%
📯Postal Horn
61%
🌿Leaf
41%
🎐Wind Chime
22%

Score Distribution

Percentile by Number Answered

Percent of People with Each Score

Your Score History

You have not taken this quiz